Indian contract and specific relief acts: with a commentary critical and explanatory (Record no. 60006)

MARC details
000 -LEADER
fixed length control field 00431nam a2200157Ia 4500
008 - FIXED-LENGTH DATA ELEMENTS--GENERAL INFORMATION
fixed length control field 230917s9999||||xx |||||||||||||| ||und||
040 ## - CATALOGING SOURCE
-- 80895
Original cataloging agency VIVEKANANDA LIBRARY
041 ## - Language
-- English
082 ## - DDC NUMBER
Classification number 346.022 P765I
100 ## - MAIN ENTRY--PERSONAL NAME
Personal name Pollock
245 #0 - TITLE STATEMENT
Title Indian contract and specific relief acts: with a commentary critical and explanatory
250 ## - EDITION STATEMENT
Edition statement 10th ed.
260 ## - PUBLICATION, DISTRIBUTION, ETC. (IMPRINT)
Place of publication, distribution, etc Bombay
Name of publisher, distributor, etc N M Tripathi
Date of publication, distribution, etc 1986
300 ## - PHYSICAL DESCRIPTION
Pages ccv, 1204 p.
942 ## - ADDED ENTRY ELEMENTS (KOHA)
Koha item type Books
Holdings
Withdrawn status Lost status Damaged status Not for loan Location (home branch) Sublocation or collection (holding branch) Date acquired Koha issues (times borrowed) Koha full call number Accession No. Koha date last seen Koha item type
        VIVEKANANDA LIBRARY VIVEKANANDA LIBRARY 12/03/2003   346.022 P765I 130907 17/09/2023 Books
© Designed and Maintained by Vivekananda Library, MDU Rohtak